Multikriteriálna klasifikácia situácií v zložitých systémoch : Kan.diz.práca : V.odb. 26-15-9 : Obh. 13.12.1984 /

Saved in:
Bibliographic Details
Main Author: Ocelíková, Eva (Author)
Other Authors: Sarnovský, Ján (Thesis advisor)
Format: Manuscript Book
Published: Košice : Vysoká škola technická v Košiciach, 1984
Subjects:
Tags: Add Tag
No Tags, Be the first to tag this record!

MARC

LEADER 00000ntm a22000003a 4500
001 stu4516
005 20150617225809.8
008 ------s1984----------------------------d
040 |a STU  |b slo 
041 0
100 1 |a Ocelíková, Eva  |4 aut 
245 1 |a Multikriteriálna klasifikácia situácií v zložitých systémoch :  |b Kan.diz.práca : V.odb. 26-15-9 : Obh. 13.12.1984 /  |c [aut.] Ocelíková,Eva, Ing.; Škol. Sarnovský,Ján 
260 |a Košice :  |b Vysoká škola technická v Košiciach,  |c 1984 
300 |a 79 s :  |b príl 
650 7 |a technická kybernetika  |2 stusub 
650 7 |a automatizácia riadenia  |2 stusub 
650 7 |a riadenie zložitých systémov  |2 stusub 
700 1 |a Sarnovský, Ján  |4 ths 
996 |b 284ED00585  |c E*KDIZ-455  |l EE01  |s A  |a 24  |w stu4516_0001